Statistics for Batman Arkham Series Villains

Click here to take the quiz!

General Stats

  • This quiz has been taken 1,547 times
  • The average score is 23 of 27

Answer Stats

HintVillain% Correct
The Clown Prince of CrimeJoker
100%
Released his fear toxin in Arkham KnightScarecrow
99%
Muscular villain that you fight in Arkham Asylum and OriginsBane
97%
Joker's psychiatrist, who turned into his lover and sidekickHarley Quinn
96%
Leaves trophies around GothamRiddler
96%
"Mother Nature" controls plants to fight. Batman's friend and foe. Appears in Knight, City, and AsylumPoison Ivy
95%
Lives in the sewer, appears in Asylum, City, and Origins. Giant sewer beast.Killer Croc
93%
Villain who holds up the museum in Arkham CityPenguin
93%
Fire loving freak with a jetpack and flamethrowerFirefly
92%
Catwoman's Nemesis in Arkham CityTwo-Face
90%
Fake Joker in Arkham CityClayface
89%
A marksman in Arkham City and OriginsDeadshot
88%
Villain obsessed with Alice in WonderlandMad Hatter
88%
Creature that appears in a side mission in Arkham Knight: Creature of the NightManbat
88%
Main villain in Arkham Knight: controls militia and was once a allyArkham Knight
87%
Villainess that you rescue from the Riddler and Two-Face In Arkham Knight and CityCatwoman
86%
Villain who you must rescue from the Museum in Arkham CityMr. Freeze
86%
Serial killer in Arkham City who got plastic surgery to look like Bruce WayneHush
84%
Assassin that you fight in Arkham Origins. Has an arsenal of weaponsDeathstroke
82%
Giant that you fight in the museum after Penguin blows up the Iceberg LoungeSolomon Grundy
82%
Main villain in Arkham City, controls TYGER Security and GothamHugo Strange
81%
Immortal being, controls a league of assassins and has a daughter who was Batman's loverRa's al Ghul
78%
An assassin who were created by the Sacred Order of Saint DumasAzrael
72%
A serial killer in Arkham City who carves tally marks in his skin for every kill he makes.Zsasz
71%
Serial killer in Arkham Knight that plays opera music near his victimsProfessor Pyg
69%
Villain you can find on the bottom floor of the city hall imprisoned in Arkham CityCalendar Man
61%
A villain seen in the very first moments of Arkham City. Can be faced in a Riddler challengeBlack Mask
56%

Score Distribution

Percentile by Number Answered

Percent of People with Each Score

Your Score History

You have not taken this quiz